000
00458nam a2200157Ia 4500
008
090123s9999 xx 000 0 und d
082
_b
289
100
_a
नंदा गुलशन
245
_a
शिशे की दिवार
250
_a
0
600
_a
नंदा गुलशन
630
_a
शिशे की दिवार
700
_a
नंदा गुलशन
730
_a
शिशे की दिवार
942
_c
BOOK
999
_c
38377
_d
38377